LEADER 03802nam 2201045Ia 450 001 9910953506403321 005 20241225110059.0 010 $a9786612262487 010 $a9781446280249 010 $a1446280241 010 $a9781282262485 010 $a1282262483 010 $a9781849206808 010 $a1849206805 035 $a(CKB)1000000000790742 035 $a(EBL)456721 035 $a(OCoLC)464670495 035 $a(SSID)ssj0000340071 035 $a(PQKBManifestationID)11256708 035 $a(PQKBTitleCode)TC0000340071 035 $a(PQKBWorkID)10387169 035 $a(PQKB)10288295 035 $a(SSID)ssj0000362819 035 $a(PQKBManifestationID)12109806 035 $a(PQKBTitleCode)TC0000362819 035 $a(PQKBWorkID)10381226 035 $a(PQKB)11583897 035 $a(MiAaPQ)EBC456721 035 $a(StDuBDS)EDZ0000165688 035 $a(Au-PeEL)EBL456721 035 $a(CaPaEBR)ebr10326814 035 $a(CaONFJC)MIL226248 035 $a(OCoLC)935270670 035 $a(OCoLC)1226773373 035 $a(FINmELB)ELB139770 035 $a206113 035 $a(FR-PaCSA)88869276 035 $a(FRCYB88869276)88869276 035 $a(EXLCZ)991000000000790742 100 $a19970715d1997 uy 0 101 0 $aeng 135 $aur||||||||||| 181 $ctxt 182 $cc 183 $acr 200 10$aManagers in the making $ecareers, development and control in corporate Britain and Japan /$fJohn Storey, Paul Edwards and Keith Sisson 205 $a1st ed. 210 $aLondon $cSage$d1997 215 $a1 online resource (viii, 262 p.) 225 1 $aIndustrial Management series 300 $aDescription based upon print version of record. 311 08$a9780761955412 311 08$a0761955410 311 08$a9780761955429 311 08$a0761955429 320 $aIncludes bibliographical references (p. [246]-253) and index. 327 $aCover; Table of Contents; Preface; 1 - Introduction: Managers and their Making; 2 - Contexts: Britain and Japan; 3 - Management Development Systems in British and Japanese Companies; 4 - Managerial Labour Markets and Management Careers; 5 - Training and Education; 6 - Management Development: Processes and Systems; 7 - The Evaluation, Reward and Control of Managers; 8 - Conclusions: Comparative Lessons; Appendix A: Sample and Methods; Appendix B: Questionnaire; References; Index 330 8 $a'Managers in the Making' questions the authenticity of the popular image of Japanese personnel and management development, which has been held up as a model in Europe, the US and elsewhere. 410 0$aIndustrial Management series 606 $aExecutives$zGreat Britain 606 $aExecutives$zJapan 606 $aCareer development$zGreat Britain 606 $aCareer development$zJapan 606 $aExecutives$xTraining of$zGreat Britain 606 $aExecutives$xTraining of$zJapan 606 $aIndustrial management$zGreat Britain 606 $aIndustrial management$zJapan 606 $aPersonnel management 606 $aBusiness planning 615 0$aExecutives 615 0$aExecutives 615 0$aCareer development 615 0$aCareer development 615 0$aExecutives$xTraining of 615 0$aExecutives$xTraining of 615 0$aIndustrial management 615 0$aIndustrial management 615 0$aPersonnel management. 615 0$aBusiness planning. 676 $a658.4071240941 700 $aStorey$b John$f1947-$0940568 701 $aEdwards$b Paul$061092 701 $aSisson$b Keith$0594560 801 0$bMiAaPQ 801 1$bMiAaPQ 801 2$bMiAaPQ 906 $aBOOK 912 $a9910953506403321 996 $aManagers in the making$94341383 997 $aUNINA